000 00655nam a22002177a 4500
003 OSt
005 20260327204128.0
008 241128b |||||||| |||| 00| 0 eng d
020 _a9780416006124
020 _a0416006124
040 _bENGLISH
_cCENTRAL UNIVERSITY
050 _aP 92. G7146 IMP
100 _aCURRAN, JAMES
245 _aIMPACT AND INFLUENCES
260 _aLONDON
_bMETHUEN AND CO. LTD
_c1987
500 _aix. 348p, bibliographies and index
600 _2MASS MEDIA- BRITAIN
610 _2ACTON SOCIETY TRUST
700 _aCURRAN, JAMES, SMITH ANTHONY, WINGATE PAULINE (eds)
942 _2lcc
_cBK
_hP 92.G 7146 IMP
_n0
999 _c1722
_d1722